000 01631nam a2200217Ia 4500
005 20250605164815.0
008 008 250516s9999 xx 000 0 eng d
020 _a9781032932194
040 _aSDCL
_beng
_cSDCL
041 _aeng
_2eng
084 _aV4497'P R4
_qSDCL
245 0 _aEncounters with the invisible :
_bRevisiting spirit possession in the himalayas
260 _aLondon :
_bRoutledge,
_c2024.
300 _axvi, 290p.
365 _aINR
_b1595
520 _aThis volume considers spirit possession in the Himalayas and the various ways in which invisible powers are made present. It does so by examining material representations of these powers through artefacts, animals, plants and natural substances, while also focusing on narratives of people’s encounters with the invisible that may help them to reconfigure reality. Through these two approaches, the contributions examine new phenomena associated with the concepts of "possession" and "shamanism", which otherwise tend to lead research into well-worn furrows. The book addresses a range of themes, including the gods of the Western Himalayas, death and ritual dissolution among Hyolmo Buddhists in Nepal, gods and rivers as legal persons in India, and the problem of conversion disorder in Nepal. Rich in ethnography, this book will be indispensable for scholars and researchers of anthropology, religion, spiritualism, sociology of religion, Himalayan studies, sociology and South Asia.
650 _aHistory- Himalaya- India
_9811970
700 _aLecomte-Tilouine, Marie
_9809704
700 _aSales, Anne de
_9811971
942 _cTEXL
_2CC
_n0
999 _c1429767
_d1429767